000 00698nam a22002177a 4500
999 _c2965
_d2965
003 OSt
005 20210728052237.0
008 210727b ||||| |||| 00| 0 eng d
020 _a9780470833377
040 _cALUPE UNIVERSITY
050 _aHF5635
_b.F56 2004
100 _aPaul D Kimmel;
245 _aFinancial accounting
_b tools for business decision making
250 _a2nd Canadian Edition
260 _aEtobicoke, Ont. :
_bJ. Wiley & Sons Canada,
_c ©2004.
300 _axxix, 739, [52] pages
_billustrated
_e1 CD-ROM
_g29 cm
500 _aincludes bibliographical references and index
650 _2 Barbara Trenholm;
700 _a Barbara Trenholm; et al
942 _2lcc
_cBK
_nMM